Statistics for Ride - ​Twenty Øne Piløts - All Lyrics

Click here to take the quiz!

General Stats

  • This quiz has been taken 56 times
  • The average score is 363 of 420

Answer Stats

Answer% Correct
I
100%
I'm
98%
oh
98%
Oh
98%
oh-oh
98%
on
98%
On
98%
ride
98%
ride,
98%
So
98%
time
98%
to
98%
(Woah,
98%
woah,
98%
woah
98%
yeah)
98%
a
96%
A
96%
fallin'
96%
for?"
96%
for
96%
for?”
96%
my
96%
takin'
96%
Takin'
96%
in
93%
know
93%
you"
93%
you
93%
die
91%
it's
91%
say
91%
bullet
89%
hard
89%
me
89%
the
89%
do
87%
easy
87%
ever
87%
everybody
87%
that
87%
them
87%
them,
87%
then
87%
when
87%
who
87%
"Who
87%
But
84%
"I'd
84%
I'd
84%
“I’d
84%
just
84%
much
84%
of
84%
room
84%
see
84%
See
84%
sometimes
84%
think
84%
too
84%
comin'
82%
don't
82%
man
82%
sun
82%
that's
82%
wanna
82%
where
82%
"Would
82%
would
82%
stay
80%
this
80%
through
80%
Yeah,
80%
All
78%
been
78%
bullets
78%
have
78%
I’ve
78%
I've
78%
many
78%
mind
78%
thinkin'
78%
we
78%
We
78%
what
78%
And
76%
and
76%
Help
76%
live
76%
take
76%
end
73%
kill?"
73%
list
73%
peace
73%
people
73%
seem
73%
way
73%
about
71%
fantasize
71%
find
71%
fun
71%
not
71%
true
71%
Even
69%
Pieces
69%
harder
67%
literally,
67%
enemies
64%
was
64%
wish
64%
Metaphorically,
62%
questions
60%
these
60%
like
58%
still
58%
real,
56%
sun's
56%
wouldn't
56%
ignore
53%
There
53%
write
49%
back
47%
home
47%
were
47%
they're
42%
tonight
40%
talking
36%
tried
22%

Score Distribution

Percentile by Number Answered

Percent of People with Each Score

Your Score History

You have not taken this quiz